| 000 | 00680nam a22002052 4500 | ||
|---|---|---|---|
| 001 | 0000008500 | ||
| 005 | 20151217152034.0 | ||
| 008 | 080416s xx 000 0 eng d | ||
| 020 |
_a0875525121 : _cKES 500 |
||
| 040 |
_aKABU _cKABU |
||
| 100 | 1 |
_aReeder III, Harry L. _@0000159109 |
|
| 245 | 1 | 0 |
_aFrom embers to a flame : _bhow God can revitalize your church / _cHarry L. Reeder III with David Swavely. |
| 260 |
_aPhillipsburg, NJ. : _bP & R, _c2004. |
||
| 300 | _a viii, 208 p. | ||
| 650 | 0 |
_aChurch renewal _xBiblical teaching. _@0000159110 |
|
| 700 | 1 |
_aSwavely, David. _@0000159111 |
|
| 908 | _a080416 | ||
| 950 | _@1 | ||
| 999 |
_c7607 _d7607 |
||